| 000 | 00424nam a2200169Ia 4500 | ||
|---|---|---|---|
| 003 | GCL | ||
| 008 | 140319s9999 xx 000 0 eng d | ||
| 040 |
_aGCL / _cGCL |
||
| 082 | 0 | 4 |
_a842 _bM C |
| 100 | 1 | _aMOHAMED DAIF | |
| 245 | 1 | 0 |
_aOLGSSE: THEATRE / _cMOHAMED DAIF |
| 260 |
_a[S.N] : _bENTERPRISE NATIONAL DU LIVER ، _c1989 |
||
| 300 | _a120 P | ||
| 650 | 0 | 4 | _aTHEATER |
| 650 | 0 | 4 | _aFRENCH LITERATURE |
| 942 |
_2ddc _cBK |
||
| 999 |
_c12499 _d12499 |
||